Les Alliés - Première Guerre mondiale - Statistiques

Statistiques générales
  • Ce quiz a été pris 1 523 fois
    1 387 depuis la dernière actualisation
  • Le résultat moyen est 8 sur 12
Statistiques - réponses
Entrée dans l'Entente Pays % Correct
1914 Royaume-Uni
99%
1914 France
98%
1917 États-Unis
96%
1914 Russie
92%
1915 Italie
91%
1914 Belgique
80%
1917 Grèce
56%
1916 Portugal
56%
1914 Serbie
56%
1914 Japon
55%
1916 Roumanie
45%
1914 Monténégro
23%
Aucun quiz correspondant
Distribution des résultats
% des personnes avec chaque résultat
Percentile par nombre de réponses
Votre historique - résultats
Vous n’avez pas pris ce quiz depuis la dernière actualisation